-
NAGAR, DR AKHIL 2- LOKWANI, DR. DEEPAK 3- BENDALE, DR. ATUL 4- CHAUDHARI, MR.PRITAM B
Entry Personal Name
Number of records used in: 1
001 - CONTROL NUMBER
003 - CONTROL NUMBER IDENTIFIER
005 - DATE AND TIME OF LATEST TRANSACTION
- control field:
20251125094505.0
008 - FIXED-LENGTH DATA ELEMENTS
- fixed length control field:
251125|| aca||aabn | a|a d
040 ## - CATALOGING SOURCE
- Original cataloging agency:
JRU
- Transcribing agency:
JRU
100 ## - HEADING--PERSONAL NAME
- Personal name:
NAGAR, DR AKHIL 2- LOKWANI, DR. DEEPAK 3- BENDALE, DR. ATUL 4- CHAUDHARI, MR.PRITAM B
670 ## - SOURCE DATA FOUND
- Source citation:
Work cat.: (JRU)8991: NAGAR, DR AKHIL 2- LOKWANI, DR. DEEPAK 3- BENDALE, DR. ATUL 4- CHAUDHARI, MR.PRITAM B., PRACTICAL MANUAL OF INORGANIC, ORGANIC And MEDICINAL CHEMISTRY , 2023